| 000 | 00594nam a2200229Ia 4500 | ||
|---|---|---|---|
| 005 | 20250425162445.0 | ||
| 008 | 250425s9999 xx 000 0 und d | ||
| 020 | _a9586484238 | ||
| 041 | _aspa | ||
| 082 | _a669.02 | ||
| 100 | _aPARDAVE LIVIA, WALTER | ||
| 245 | 0 | _aRECICLADO INDUSTRIAL DE METALES: UNA APROXIMACION | |
| 250 | _a1A ED. | ||
| 260 | _aBOGOTA | ||
| 260 |
_aColombia _bECOE EDICIONES _c2006 |
||
| 300 | _a135 | ||
| 650 | _aAPROVECHAMIENTO DE RESIDUOS | ||
| 650 | _aPROTECCION DEL MEDIO AMBIENTE | ||
| 650 | _aRECICLADO DE METALES | ||
| 942 | _c01 | ||
| 010 | _a75428 | ||
| 999 |
_c229609 _d229609 |
||